| 000 | 00000nas 2200000zi 4500 |
| 001 | 9.930142 |
| 003 | CaOODSP |
| 005 | 20231109171616 |
| 006 | m o d f |
| 007 | cr cn |||||||| |
| 008 | 231109d20172020oncar p o f0### 0fre|d |
| 020 | |z9780660238456|z9780660292014|z9780660366005|z9780660343808 |
| 040 | |aCaOODSP|bfre|erda|cCaOODSP |
| 043 | |an-cn--- |
| 086 | 1 |aHP37-52F-PDF|zHP40-198/2017F-PDF|zHP40-198/2018F-PDF|zHP40-198/2020F-PDF|zH14-315/2020F-PDF |
| 245 | 00|aCouverture vaccinale contre la grippe saisonnière de ... au Canada. |
| 246 | 1 |iLes livraisons de 2017/2018-2019/2020 comportent le titre : |aCouverture vaccinale contre la grippe saisonnière au Canada ... |
| 264 | 1|aOttawa (Ontario) : |bAgence de la santé publique du Canada = Public Health Agency of Canada, |c2018-2020. |
| 310 | |aAnnuel |
| 336 | |atexte|btxt|2rdacontent/fre |
| 337 | |ainformatique|bc|2rdamedia/fre |
| 338 | |aressource en ligne|bcr|2rdacarrier/fre |
| 362 | 1 |aParaît depuis : 2016/2017; ne paraît plus après : 2019/2020. |
| 500 | |aPublié aussi en anglais sous le titre : ... seasonal influenza vaccine coverage in Canada. |
| 588 | |aDescription d'après : 2016/2017; titre de la page de titre du fichier PDF. |
| 588 | |aDernière livraison consultée : 2019/2020. |
| 650 | 6|aGrippe|xVaccination|zCanada|vPériodiques. |
| 650 | 6|aVaccination|zCanada|xOpinion publique|vPériodiques. |
| 650 | 6|aSanté publique|xEnquêtes|zCanada|vPériodiques. |
| 655 | 7|aPériodiques|2rvmgf |
| 710 | 2 |aAgence de santé publique du Canada, |eorganisme de publication. |
| 775 | 08|t... seasonal influenza vaccine coverage in Canada.|w(CaOODSP)9.930143 |
| 785 | 00|tCouverture saisonnière de la vaccination contre la grippe au Canada, ...|w(CaOODSP)9.930170 |
| 856 | 40|qHTML|ss.o.|uhttps://www.canada.ca/fr/sante-publique/services/immunisation-vaccins/couvertures-vaccinales.html |